00333nam a2200109Ia 4500008004100000082002000041100002100061245001800082260004000100630001800140650006500158211109s9999||||xx |||||||||||||| ||und|| a894.8123bSET-V aSethu Nadh K G,  0aVeettu Mrigam bNational Book StallaKottayamc1972 xGeneral Stack aMalayalam LiteraturevMalayalam FictionLiteraturexGeneralia